Online
Catalog

La ventilación en las edificaciones / (Record no. 7739)

MARC details
000 -CABECERA
campo de control de longitud fija 00870nam a2200241 a 4500
001 - NÚMERO DE CONTROL
campo de control 000007961
005 - FECHA Y HORA DE LA ÚLTIMA TRANSACCIÓN
campo de control 20240307073944.0
008 - DATOS DE LONGITUD FIJA--INFORMACIÓN GENERAL
campo de control de longitud fija 090914s1998 dr a 000 0 spa d
020 ## - NÚMERO INTERNACIONAL ESTÁNDAR DEL LIBRO
Número Internacional Estándar del Libro 8484002969
040 ## - FUENTE DE LA CATALOGACIÓN
Centro catalogador/agencia de origen DO-SdBNP
082 ## - NÚMERO DE LA CLASIFICACIÓN DECIMAL DEWEY
Número de clasificación 697.92
Número de documento/Ítem M843v
100 1# - ENTRADA PRINCIPAL--NOMBRE DE PERSONA
Nombre de persona Moreno San Juan, José Luis
9 (RLIN) 2397
245 13 - MENCIÓN DE TÍTULO
Título La ventilación en las edificaciones /
Mención de responsabilidad, etc. José Luis Moreno San Juan.
260 ## - PUBLICACIÓN, DISTRIBUCIÓN, ETC.
Lugar de publicación, distribución, etc. Santo Domingo :
Nombre del editor, distribuidor, etc. Taller,
Fecha de publicación, distribución, etc. 1998.
300 ## - DESCRIPCIÓN FÍSICA
Extensión 280 p. :
Otras características físicas il. ;
Dimensiones 27 cm.
500 ## - NOTA GENERAL
Nota general Incluye datos bibliografícos
500 ## - NOTA GENERAL
Nota general A la cabeza de la portada : Facultad de Ingeniería y Arquitectura de la UASD
590 ## - NOTA LOCAL (RLIN)
Nota local Inventariado, 2018/ YL
650 #4 - PUNTO DE ACCESO ADICIONAL DE MATERIA--TÉRMINO DE MATERIA
Término de materia o nombre geográfico como elemento de entrada Ventilación
Subdivisión general Diseño y construcción
9 (RLIN) 21778
650 #4 - PUNTO DE ACCESO ADICIONAL DE MATERIA--TÉRMINO DE MATERIA
Término de materia o nombre geográfico como elemento de entrada Edificios
Subdivisión general Diseño y construcción
9 (RLIN) 21779
710 1# - PUNTO DE ACCESO ADICIONAL--NOMBRE DE ENTIDAD CORPORATIVA
Nombre de entidad corporativa o nombre de jurisdicción como elemento de entrada Universidad Autónoma de Santo Domingo
9 (RLIN) 72951
910 ## - DATOS DE OPCIÓN DEL USUARIO (OCLC)
Datos de opción del usuario Validado. Control de calidad MFF
Holdings
Estado de retiro Estado de pérdida No para préstamo Código de colección Localización permanente Ubicación/localización actual Ubicación en estantería Fecha de adquisición Número de inventario Total de préstamos Signatura topográfica completa Código de barras Fecha visto por última vez Precio válido a partir de Tipo de ítem Koha Número de copia
    Excluido de préstamo Patrimonio Dominicano Patrimonio Dominicano Patrimonio Dominicano Depósito 14.09.2009 LF1   697.92 M843v 7961-10 25.06.2020 25.06.2020 Libro y Folleto Colección Patrimonio Dominicano  
    Excluido de préstamo Patrimonio Dominicano Patrimonio Dominicano Patrimonio Dominicano Depósito 14.09.2009 LF1   697.92 M843v 7961-20 25.06.2020 25.06.2020 Libro y Folleto Colección Patrimonio Dominicano e.2

Powered by Koha